| 000 | 00546nam a22001817a 4500 | ||
|---|---|---|---|
| 003 | BD-DhJNU | ||
| 005 | 20250212050444.0 | ||
| 008 | 250212b |||||||| |||| 00| 0 eng d | ||
| 040 |
_aBD-DhJNU _bENG _cBD-DhJNU _dBD-DhJNU |
||
| 082 |
_223 _a070.4333 |
||
| 100 | _aMcGoldrick, Annabel | ||
| 245 |
_aPeace journalism : _bwhat is it? how to do it? / _cAnnabel McGoldrick and Jake Lynch |
||
| 260 |
_aTurkey : _bReporting the World, _c2000. |
||
| 300 |
_a50 p. : _bill. ; _c24 cm. |
||
| 650 | _aJournalism | ||
| 700 | _aLynch, Jake | ||
| 942 |
_2ddc _cBK _n0 |
||
| 999 |
_c1308 _d1308 |
||